Cái chết của những ông vua thời Chiến tranh lạnh: Vụ ám sát Ngô Đình Diệm và J F Kennedy = The death of the cold war kings: The assassinations of Diem and JFK

Guardat en:
Dades bibliogràfiques
Autor principal: Bradley S. O'Leary
Format: Llibre
Idioma:Undetermined
Publicat: H. CAND 2003
Matèries:
Etiquetes: Afegir etiqueta
Sense etiquetes, Sigues el primer a etiquetar aquest registre!
Thư viện lưu trữ: Trung tâm Học liệu Trường Đại học Cần Thơ
LEADER 00766nam a2200217Ia 4500
001 CTU_56689
008 210402s9999 xx 000 0 und d
020 |b 45000 
082 |a 973.9 
082 |b O.45 
100 |a Bradley S. O'Leary 
245 0 |a Cái chết của những ông vua thời Chiến tranh lạnh: Vụ ám sát Ngô Đình Diệm và J F Kennedy = 
245 4 |b The death of the cold war kings: The assassinations of Diem and JFK 
245 0 |c Bradley S. O'Leary và Edward Lee; Pạhm Viêm Phương và Mai Sơn biên dịch 
260 |a H. 
260 |b CAND 
260 |c 2003 
650 |a united states 
650 |x history 
650 |y 20th century 
980 |a Trung tâm Học liệu Trường Đại học Cần Thơ